00600nam a22001937a 450000500170000001000140001702000110003103500130004203700130005508200130006824501220008126000390020327000350024230000250027750000490030265000240035165000140037570000170038920100805115058.0 aENG-98273 c280.00 aEN-81806 bDBAD/PUB a610.9515 aA heap of jewels of oral radiation :bkha-'thor rin-chin phun po of gyu-thog yon-tan mgon po /cedited by Archana Ray aKolkatabThe Asiatic Societyc2009 a1 Park StreetbKolkatae700016 axii,115p.c21cm (Hb) aIncludes bibliographial references and index aMedical, Preventive aDiagnosis aRay, Archana